00271nam a2200109Ia 4500008004100000020001500041100001300056245005700069250000800126260001900134300000800153211105s9999 xx 000 0 und d aVYASA13249 aDawn C.S 0aTextbook Of Gynaecology Contraception And Demography a4th bDawn booksc\N a256